000 00587cam a22002053a 4500
001 36872
003 PGUSA
005 20140828083815.0
008 110727s2011||||xxu|||||s|||||000 | eng d
040 _aPGUSA
_beng
042 _adc
100 1 _aSaylor, Henry H.
_q(Henry Hodgman),
_d1880-
245 1 0 _aMaking a Rose Garden
_h[electronic resource] /
_cHenry H. Saylor
260 _bProject Gutenberg,
_c2011
506 _aPublic domain in the USA.
516 _aElectronic text
830 0 _aProject Gutenberg
_v36872
856 4 0 _uhttp://www.gutenberg.org/ebooks/36872
942 _cEB
999 _c266127
_d266127